000 00592naa a2200145Ia 4500
003 ES-SlBCS
005 20210601151858.0
008 140520s1999 xxu||||| |||| 00| 0 spa d
041 _aspa
100 1 _aUribe, María Victoria
_9339292
245 0 0 _aLas sociedades del Norte de los Andes
_cMaría Victoria Uribe
651 4 _aSudamérica-Norte de los Andes
_9339293
773 0 _tHistoria General de América Latina : Vol. I : Las sociedades originarias / Teresa Rojas Rabiela, John V. Murra
_dMadrid : Trotta / Unesco, 1999
_g, págs. 315-341
_z84-8154-351-3 (Vol. I)
_wVA48301
942 _cAC
999 _c765531
_d765531